Memorias de Juanito : (Registro nro. 13616)

Detalles MARC
000 -LIDER
fixed length control field 01161nam a2200313 a 4500
001 - NÚMERO DE CONTROL
Identificador de número de control
003 - IDENTIFICACDOR DE NÚMERO DE CONTROL
control field DO-SdBNP
005 - DATE AND TIME OF LATEST TRANSACTION
control field 20210906080356.0
008 - ELEMENTOS DE LONGITUD FIJA
fixed length control field 100406s2020 dr ac 000 0 spa d
020 ## - ISBN
International Standard Book Number 9789945074369
040 ## - FUENTE DE CATALOGACIÓN
Agencia que crea de manera original el registro BPMSU
Idioma de catalogación spa
Agencia que realiza la transcripción BPMSU
082 ## - NÚMERO DE CLASIFICACIÓN DECIMAL DE DEWEY
Classification number 923.27293
Item number B742P 2020
Edition number 22
100 1# - ASIENTO PRINCIPAL -- NOMBRE PERSONAL
Nombre personal Pérez Stefan, Reynolds J.
245 10 - MENCIÓN DE TITULO
Título Memorias de Juanito :
Subtítulo historia vivida y recogida en las riberas del rio Camú /
Mención de responsabilidad Reynolds J. Pérez Stefan.
250 ## - MENCIÓN DE EDICION
Mención de edición 4a. ed.
260 ## - PUBLICACIÓN, DISTRIBUCIÓN, ETC. (PIE DE IMPRENTA)
Lugar de publicación, distribución, etc Santo Domingo :
Nombre del editor, distribuidor, etc. Archivo General de la Nación.
Fecha de publicación, distribución, etc 2020
300 ## - DESCRIPCIÓN FÍSICA
Extensión 234 p. :
Otros detalles físicos il.,retr. ;
Dimensiones 25 cm.
490 0# - MENCIÓN DE SERIES
Mención de serie Publicaciones del Archivo General de la Nación,
Volume/sequential designation 384
500 ## - NOTA GENERAL
Nota general Incluye datos biográficos del autor en la solapa de la cubierta
500 ## - NOTA GENERAL
Nota general Incluye referencias bibliográficas y notas al pie de las páginas
500 ## - NOTA GENERAL
Nota general Incluye índice onomástico
504 ## - NOTA DE BIBLIOGRAFÍA, ETC.
Bibliography, etc Bibliografía : ( p. 230-232)
590 ## - NOTA LOCAL
Enlace Inventariado, 2021/VM
600 14 - ENCABEZAMIENTO DE MATERIA--NOMBRE PERSONAL
Nombre personal Bosch, Juan,
Fechas asociadas con el nombre 1901-2001
Subdivisión de forma Biografías
650 #4 - ENCABEZAMIENTO DE MATERIA--TEMÁTICO
Término temático o nombre geográfico como elemento de entrada Literatura dominicana
651 #4 - ENCABEZAMIENTO DE MATERIA--NOMBRE GEOGRÁFICO
Nombre geográfico La Vega (República Dominicana )
Subdivisión temática general Historia Local
910 ## - VALIDACIÓN
Validación VMateo V.
942 ## - ADDED ENTRY ELEMENTS (KOHA)
Source of classification or shelving scheme Dewey Decimal Classification
Koha item type Libros
Existencias
Withdrawn status Lost status Source of classification or shelving scheme Damaged status Not for loan Collection code Home library Current library Date acquired Source of acquisition Total Checkouts Full call number Barcode Date last seen Price effective from Koha item type Copy number
    Dewey Decimal Classification     Colección Dominicana Biblioteca Pública Metropolitana Salomé Ureña Biblioteca Pública Metropolitana Salomé Ureña 08/04/2021 AGN   BPMSU CD 923.27293 B742P 2020 BPMSU21080010 08/04/2021 08/04/2021 Libros  
    Dewey Decimal Classification     Colección Dominicana Biblioteca Pública Metropolitana Salomé Ureña Biblioteca Pública Metropolitana Salomé Ureña 08/04/2021 AGN   BPMSU CD 923.27293 B742P 2020 BPMSU21090051 09/06/2021 08/04/2021 Libros e.2
    Dewey Decimal Classification     Colección Dominicana Biblioteca Pública Metropolitana Salomé Ureña Biblioteca Pública Metropolitana Salomé Ureña 08/04/2021 AGN   BPMSU CD 923.27293 B742P 2020 BPMSU24110038 11/20/2024 08/04/2021 Libros e.3